00337nam a2200133Ia 4500008004100000020001500041041001200056082001600068100001700084245004800101260003700149300000900186650000800195221030s9999 xx 000 0 und d a8176840254 aEnglish a105.23bPra aK. D. Prasad 0aAntenna & Wave Propagationcby K. D. Prasad bSatya PrakashanaNew Delhic2002 a2002 aECE